000 00675nam a2200181Ia 4500
005 20250508160023.0
008 008 250505s9999 xx 000 0 eng d
037 _aBooks to be hide in OPAC
040 _aFEDL
_beng
_cFEDL
041 _aeng
_2eng
084 _a378.42, GRE
_qFEDL
245 0 _aReport for the year 1904 on the victoria and albert museum, the royal colleges of science and of art, the geological surevey and museum, and on the work of the solar physics committee
245 0 _cBoard of Education
260 _aLondon, UK
_bHis Majesty's Stationery Office
_c1906
300 _a104p.
942 _cHB
_h378.42, GRE
999 _c1361110
_d1361110